Faculty of Law Library — Cairo University

Official Online Catalog

The controversy over neutral rights between the United States and France, 1797-1800 : (Record no. 53411)

MARC details
000 -LEADER
fixed length control field 01197nam a22003017i 4500
003 - CONTROL NUMBER IDENTIFIER
control field EG-GICUC
005 - DATE AND TIME OF LATEST TRANSACTION
control field 20260121101554.0
008 - FIXED-LENGTH DATA ELEMENTS--GENERAL INFORMATION
fixed length control field 251231s1917 us |||fr|||| 000 0 eng d
040 ## - CATALOGING SOURCE
Original cataloging agency EG-GiCUC
Transcribing agency EG-GiCUC
Modifying agency EG-GiCUC
Description conventions rda
Language of cataloging eng
041 ## - LANGUAGE CODE
Language code of text/sound track or separate title eng
082 04 - DEWEY DECIMAL CLASSIFICATION NUMBER
Edition number 21
Classification number 341.3073
Item number CO
092 04 - LOCALLY ASSIGNED DEWEY CALL NUMBER (OCLC)
Edition number 21
099 ## - LOCAL FREE-TEXT CALL NUMBER (OCLC)
Classification number Law1 11 341.3073 CO 1917
245 04 - TITLE STATEMENT
Title The controversy over neutral rights between the United States and France, 1797-1800 :
Remainder of title A Collection Of American State Papers And Judicial Decisions /
Statement of responsibility, etc. edited by James Brown Scott.
264 #1 - PRODUCTION, PUBLICATION, DISTRIBUTION, MANUFACTURE, AND COPYRIGHT NOTICE
Place of production, publication, distribution, manufacture New York :
Name of producer, publisher, distributor, manufacturer Oxford University Press,
Date of production, publication, distribution, manufacture, or copyright notice 1917.
300 ## - PHYSICAL DESCRIPTION
Extent vii, 510 pages ;
Dimensions 24 cm.
336 ## - CONTENT TYPE
Source rda content
Content type term text
337 ## - MEDIA TYPE
Source rda media
Media type term Computer
338 ## - CARRIER TYPE
Source rda carrier
Carrier type term Online Resource
500 ## - GENERAL NOTE
General note At head of title: Carnegie Endowment for International Peace, Division of International Law.
504 ## - BIBLIOGRAPHY, ETC. NOTE
Bibliography, etc. note Includes bibliographical references.
546 ## - LANGUAGE NOTE
Language note Text in English
650 14 - SUBJECT ADDED ENTRY--TOPICAL TERM
Topical term or geographic name entry element International Relations
General subdivision Public international law
Geographic subdivision United States
-- France
700 1# - ADDED ENTRY--PERSONAL NAME
Personal name Scott, James Brown,
Dates associated with a name 1866-1943
Relator term editor.
856 40 - ELECTRONIC LOCATION AND ACCESS
Uniform Resource Identifier <a href="https://fll.law.cu.edu.eg/fulltext/bks/B11-06568.pdf">https://fll.law.cu.edu.eg/fulltext/bks/B11-06568.pdf</a>
905 ## - Cataloger and Reviser Names
Cataloger Name: Rawan khaled
942 ## - ADDED ENTRY ELEMENTS (KOHA)
Source of classification or shelving scheme Dewey Decimal Classification
Koha item type Books
Edition 21
Suppress in OPAC No
Holdings
Withdrawn status Lost status Source of classification or shelving scheme Damaged status Not for loan Collection Home library Current library Date acquired Total checkouts Full call number Barcode Date last seen Copy number Price effective from Koha item type
    Dewey Decimal Classification   Not for loan القانون الدولي العام جــــامعة القــاهرة مكتبة كلية الحقوق - المبنى الرئيسي 31.12.2025   Law1 11 341.3073 CO 1917 1106568 C1 B11-06568 31.12.2025 1 31.12.2025 Books

© All rights reserved — Faculty of Law, Cairo University